| 000 | 00676nam a2200217 a 4500 | ||
|---|---|---|---|
| 999 |
_c3508 _d3508 |
||
| 001 | 3508 | ||
| 003 | BD-JhCC | ||
| 005 | 20171114132424.0 | ||
| 008 | 171113s1974 bg a|||| |||| 000 0 ben d | ||
| 035 | _a(BD-JhCC)3508 | ||
| 040 |
_aBD-JhCC _dBD-JhCC |
||
| 041 | _aben | ||
| 082 |
_a954.92 _bMAM 1974 |
||
| 100 | _aমামুন, মুনতাসীর | ||
| 245 |
_aবিশপ হেবারের চোখে বাংলাদেশ / _cমুনতাসীর মামুন |
||
| 260 |
_aঢাকা : _bমাওলা ব্রাদার্স, _c1974. |
||
| 300 |
_a30 p. : _c21 cm. |
||
| 650 | _aTravel Bangladesh | ||
| 942 |
_2ddc _cBK |
||